<Der> EG-Binnenmarkt als Chance und Risiko
Salvato in:
| Autore principale: | |
|---|---|
| Natura: | Libro |
| Lingua: | tedesco |
| Pubblicazione: |
Kiel
Institut für Weltwirtschaft
1988
|
| Edizione: | 1. Aufl. |
| Tags: |
Nessun Tag, puoi essere il primo ad aggiungerne!!
|
MARC
| LEADER | 00000nam a2200000 4500 | ||
|---|---|---|---|
| 001 | c036613 | ||
| 005 | 20221219110857.8 | ||
| 041 | 0 | |a ger | |
| 044 | |a DE | ||
| 245 | 1 | 0 | |a <Der> EG-Binnenmarkt als Chance und Risiko |c Herbert Giersch |
| 250 | |a 1. Aufl. | ||
| 264 | 1 | |a Kiel |b Institut für Weltwirtschaft |c 1988 | |
| 300 | |a 23 s. | ||
| 100 | 1 | |a Giersch, Herbert | |